[Event "Rome Accademia Primavera op"]
[Site "Rome"]
[Date "2011.04.02"]
[Round "3"]
[White "Lisi, Sebastiano"]
[Black "Ricci, Stefano"]
[Result "1-0"]
[WhiteElo "1967"]
[BlackElo "1518"]
[PlyCount "49"]
[EventDate "2011.04.01"]
[EventType "swiss"]
[EventRounds "5"]
[EventCountry "ITA"]
[SourceTitle "EXT 2023"]
[Source "ChessBase"]
[SourceDate "2022.10.05"]
[SourceVersion "1"]
[SourceVersionDate "2022.10.05"]
[SourceQuality "1"]

1. e4 Nf6 2. e5 Nd5 3. c4 Nb6 4. d4 d6 5. exd6 cxd6 6. Nc3 g6 7. Be3 Bg7 8. Rc1 0-0 9. Be2 Nc6 10. Nf3 Bg4 11. b3 e5 12. dxe5 Nxe5 13. 0-0 Nxf3+ 14. Bxf3 Bxf3 15. Qxf3 Qh4 16. Rfd1 Be5 17. g3 Qe7 18. Nb5 h5 19. c5 Nc8 20. cxd6 Qd7 21. Qe4 Nb6 22. Qxe5 Rfe8 23. Qg5 Rxe3 24. fxe3 h4 25. Rc7 1-0